Human impact on the environment : ancient roots, current challenges

Αποθηκεύτηκε σε:
Λεπτομέρειες βιβλιογραφικής εγγραφής
Άλλοι συγγραφείς: Jacobsen, Judith (Επιμελητής έκδοσης), Firor, John (Επιμελητής έκδοσης)
Μορφή: Βιβλίο
Γλώσσα:English
Δημοσίευση: Boulder : Westview, c1992
Θέματα:
Ετικέτες: Προσθήκη ετικέτας
Δεν υπάρχουν, Καταχωρήστε ετικέτα πρώτοι!

MARC

LEADER 00000nam a2200000 i 4500
001 1/67132
008 931026s eng d
020 |a 0-8133-8550-4 
035 |a ΛΕΣΒΟΣb10001844  |l 10001844 
040 |a GR-MY-UA  |b gre  |e aacr 
041 0 |a eng 
082 0 |a 333.715 
245 1 0 |a Human impact on the environment :  |b ancient roots, current challenges /  |c Edited by Judith E. Jacobsen; John Firor 
260 |a Boulder :   |b Westview,   |c c1992 
300 |a 220 p.  |b fig. 
504 |a Includes bibliographical references and index 
650 0 0 |a Environmental impact analysis. 
700 1 |a Jacobsen, Judith.  |4 edt 
700 1 |a Firor, John.  |4 edt 
852 |a INST  |b LESVOS  |e 19931026  |h 333.715 HUM  |p 005100004308  |q 005100004308  |t BK  |y 0 
909 |a Λ  |b 029953